| 000 | 00717nam a2200193 i 4500 | ||
|---|---|---|---|
| 001 | 150309 | ||
| 003 | ES-MaACL | ||
| 005 | 20230906203445.0 | ||
| 007 | t| | ||
| 008 | 071029m19771978sp ||||1| cat d | ||
| 100 | 1 |
_aVallès, Edmon. _9112874 |
|
| 245 | 1 | 0 |
_aHistòria gràfica de la Catalunya autònoma, 1931/1939 / _cEdmon Vallès. |
| 250 | _a[1ª ed.]. | ||
| 260 |
_aBarcelona : _bEdicions 62, _c1977-1978. |
||
| 300 |
_a2 v. : _bil. ; _c31 cm. |
||
| 505 | 8 | _aContiene: 1. La pau, del 14 d'abril de 1931 al 19 de juliol de 1936 -- 2. La guerra, del 19 de juliol de 1936 a l'11 de febrer 1939 | |
| 651 | 4 |
_aCataluña- _xHistoria- _y1931-1939- _vObras ilustradas. _98014 |
|
| 852 |
_aES-MaACL _jA-7987-88 _bR.96997 |
||
| 999 |
_c150309 _d150309 |
||